Intergenerational consequences of adolescent substance use: Patterns of homotypic and heterotypic continuity
| VerfasserInnen: | ; |
|---|---|
| Medienart: | Elektronisch Aufsatz |
| Sprache: | Englisch |
| Veröffentlicht: |
2017
|
| In: |
Psychology of addictive behaviors
Jahr: 2017, Band: 31, Heft: 2, Seiten: 200-211 |
| Online-Zugang: |
Volltext (kostenfrei) Volltext (lizenzpflichtig) |
| Verfügbarkeit prüfen: | HBZ Gateway |
MARC
| LEADER | 00000caa a22000002c 4500 | ||
|---|---|---|---|
| 001 | 1912594552 | ||
| 003 | DE-627 | ||
| 005 | 20250115055007.0 | ||
| 007 | cr uuu---uuuuu | ||
| 008 | 241217s2017 xx |||||o 00| ||eng c | ||
| 024 | 7 | |a 10.1037/adb0000248 |2 doi | |
| 035 | |a (DE-627)1912594552 | ||
| 035 | |a (DE-599)KXP1912594552 | ||
| 040 | |a DE-627 |b ger |c DE-627 |e rda | ||
| 041 | |a eng | ||
| 084 | |a 2,1 |2 ssgn | ||
| 100 | 1 | |a Nadel, E.L. |e VerfasserIn |4 aut | |
| 245 | 1 | 0 | |a Intergenerational consequences of adolescent substance use: Patterns of homotypic and heterotypic continuity |
| 264 | 1 | |c 2017 | |
| 336 | |a Text |b txt |2 rdacontent | ||
| 337 | |a Computermedien |b c |2 rdamedia | ||
| 338 | |a Online-Ressource |b cr |2 rdacarrier | ||
| 700 | 1 | |a Thornberry, Terence P. |e VerfasserIn |0 (DE-588)1046321439 |0 (DE-627)776095838 |0 (DE-576)167551507 |4 aut | |
| 773 | 0 | 8 | |i Enthalten in |t Psychology of addictive behaviors |d Washington, Dc : APA, 1987 |g 31(2017), 2, Seite 200-211 |h Online-Ressource |w (DE-627)362778787 |w (DE-600)2101111-4 |w (DE-576)251938654 |x 1939-1501 |7 nnas |
| 773 | 1 | 8 | |g volume:31 |g year:2017 |g number:2 |g pages:200-211 |
| 787 | 0 | 8 | |i Forschungsdaten |a Henry, Kimberly L. |t Rochester Intergenerational Study (RIGS), New York, United States, 1999-2019 |d [Erscheinungsort nicht ermittelbar] : [Verlag nicht ermittelbar], 2021 |w (DE-627)1902794621 |
| 787 | 0 | 8 | |i Forschungsdaten |a Thornberry, Terence P. |t Rochester Youth Development Study Phase 1 Data, 1988-1992 (Rochester, New York) |d [Erscheinungsort nicht ermittelbar] : [Verlag nicht ermittelbar], 2016 |w (DE-627)1840044411 |
| 856 | 4 | 0 | |u https://doi.org/10.1037/adb0000248 |x Resolving-System |z kostenfrei |3 Volltext |7 0 |
| 856 | 4 | 0 | |u https://www.ncjrs.gov/app/publications/abstract.aspx?id=274106 |x Verlag |z lizenzpflichtig |3 Volltext |7 1 |
| 935 | |a mkri | ||
| 951 | |a AR | ||
| ELC | |a 1 | ||
| LOK | |0 000 xxxxxcx a22 zn 4500 | ||
| LOK | |0 001 4637560063 | ||
| LOK | |0 003 DE-627 | ||
| LOK | |0 004 1912594552 | ||
| LOK | |0 005 20241217044618 | ||
| LOK | |0 008 241217||||||||||||||||ger||||||| | ||
| LOK | |0 035 |a (DE-2619)ICPSR143469 | ||
| LOK | |0 040 |a DE-2619 |c DE-627 |d DE-2619 | ||
| LOK | |0 092 |o n | ||
| LOK | |0 852 |a DE-2619 | ||
| LOK | |0 852 1 |9 00 | ||
| LOK | |0 935 |a nacp | ||
| LOK | |0 939 |a 17-12-24 |b l01 | ||
| OAS | |a 1 | ||
| ORI | |a SA-MARC-krimdoka001.raw | ||
